The MAA problem book III ; annual high school contests of the Mathematical Association of America, 1966-1972 /
Guardado en:
| Autor Principal: | |
|---|---|
| Autor Corporativo: | |
| Otros Autores: | |
| Formato: | Libro |
| Idioma: | English |
| Publicado: |
New York :
Random House/Singer School Division,
[c1973]
|
| Series: | New mathematical library 25
|
| Materias: | |
| Etiquetas: |
Agregar Etiqueta
Sin Etiquetas, Sea el primero en etiquetar este registro!
|
| LEADER | 01046cam a2200253 a 4500 | ||
|---|---|---|---|
| 001 | MAT.inmabb006118 | ||
| 008 | 740621s1973####nyu###########000#0#eng## | ||
| 005 | 20170503142758.0 | ||
| 245 | 1 | 4 | |a The MAA problem book III ; |b annual high school contests of the Mathematical Association of America, 1966-1972 / |c Compiled and with solutions by Charles T. Salkind and James M. Earl. |
| 260 | |a New York : |b Random House/Singer School Division, |c [c1973] | ||
| 300 | |a vi, 186 p. ; |c 23 cm. | ||
| 490 | 0 | |a New mathematical library 25 | |
| 510 | 4 | |a MR, |c *REVIEW #* | |
| 020 | |a 0394015819 | ||
| 100 | 1 | |a Salkind, Charles T., |d 1898- | |
| 700 | 1 | |a Earl, James M. |q (James Mayberry), |d 1896- | |
| 710 | 2 | |a Mathematical Association of America. | |
| 740 | |a Annual high school contests of the Mathematical Association of America. | ||
| 650 | 0 | |a Mathematics |x Problems, exercises, etc. | |
| 650 | 0 | |a Mathematics |x Competitions |z United States. | |
| 084 | |a *CODIGO* |2 MR | ||
| 010 | |a 74170375 | ||
| 040 | |a DLC |c DLC |d DLC | ||
| 859 | |h 00A07 |i M111c |p A-5443 |b BIB. MATEMATICA | ||
